<?xml version="1.0" encoding="UTF-8"?>
<record
    xmlns:xsi="http://www.w3.org/2001/XMLSchema-instance"
    xsi:schemaLocation="http://www.loc.gov/MARC21/slim http://www.loc.gov/standards/marcxml/schema/MARC21slim.xsd"
    xmlns="http://www.loc.gov/MARC21/slim">

  <leader>01549cam a2200265   4500500</leader>
  <controlfield tag="005">20251228073420.0</controlfield>
  <datafield tag="041" ind1=" " ind2=" ">
    <subfield code="a">fre</subfield>
  </datafield>
  <datafield tag="042" ind1=" " ind2=" ">
    <subfield code="a">dc</subfield>
  </datafield>
  <datafield tag="100" ind1="1" ind2="0">
    <subfield code="a">Turnheim, Michael</subfield>
    <subfield code="e">author</subfield>
  </datafield>
  <datafield tag="245" ind1="0" ind2="0">
    <subfield code="a">Autisme et &#xE9;criture</subfield>
  </datafield>
  <datafield tag="260" ind1=" " ind2=" ">
    <subfield code="c">2003.
							</subfield>
  </datafield>
  <datafield tag="500" ind1=" " ind2=" ">
    <subfield code="a">46</subfield>
  </datafield>
  <datafield tag="520" ind1=" " ind2=" ">
    <subfield code="a">R&#xE9;sum&#xE9; L&#x2019;importance de la fonction de l&#x2019;&#xE9;criture dans l&#x2019;autisme a souvent &#xE9;t&#xE9; soulign&#xE9;e. L&#x2019;interpr&#xE9;tation de ce ph&#xE9;nom&#xE8;ne d&#xE9;pend cependant de la conception qu&#x2019;on se fait de l&#x2019;&#xE9;criture. &#xC0; partir des productions graphiques d&#x2019;un enfant autistique, il s&#x2019;agit de montrer en quoi la prise en consid&#xE9;ration d&#x2019;une connexion entre &#xE9;criture et violence, soulign&#xE9;e par Derrida, se r&#xE9;v&#xE8;le f&#xE9;conde pour l&#x2019;&#xE9;tude des m&#xE9;canismes sp&#xE9;cifiques de l&#x2019;autisme.</subfield>
  </datafield>
  <datafield tag="520" ind1=" " ind2=" ">
    <subfield code="a">The importance of the function of writing in autism has often been noted. However, the interpretation of this phenomenon depends on the conception one has of writing. The graphic productions of an autistic child show the extent to which Derrida&#x2019;s emphasis of the existence of a relationship between writing and violence is of interest for the exploration of the mechanism underlying autism.</subfield>
  </datafield>
  <datafield tag="690" ind1=" " ind2=" ">
    <subfield code="a">Autisme</subfield>
  </datafield>
  <datafield tag="690" ind1=" " ind2=" ">
    <subfield code="a">Derrida.</subfield>
  </datafield>
  <datafield tag="690" ind1=" " ind2=" ">
    <subfield code="a">&#xE9;criture</subfield>
  </datafield>
  <datafield tag="690" ind1=" " ind2=" ">
    <subfield code="a">violence</subfield>
  </datafield>
  <datafield tag="690" ind1=" " ind2=" ">
    <subfield code="a">Autism</subfield>
  </datafield>
  <datafield tag="690" ind1=" " ind2=" ">
    <subfield code="a">Derrida.</subfield>
  </datafield>
  <datafield tag="690" ind1=" " ind2=" ">
    <subfield code="a">violence</subfield>
  </datafield>
  <datafield tag="690" ind1=" " ind2=" ">
    <subfield code="a">writing</subfield>
  </datafield>
  <datafield tag="786" ind1="0" ind2=" ">
    <subfield code="n">Savoirs et clinique | 2 | 1 | 2003-05-01 | p. 33-39 | 1634-3298</subfield>
  </datafield>
  <datafield tag="856" ind1="4" ind2="1">
    <subfield code="u">https://shs.cairn.info/revue-savoirs-et-cliniques-2003-1-page-33?lang=fr&amp;redirect-ssocas=7080</subfield>
  </datafield>
  <datafield tag="999" ind1=" " ind2=" ">
    <subfield code="c">1595216</subfield>
    <subfield code="d">1595216</subfield>
  </datafield>
</record>
